<?xml version="1.0" encoding="UTF-8"?><?xml-stylesheet type="text/xsl" href="static/style.xsl"?><OAI-PMH xmlns="http://www.openarchives.org/OAI/2.0/" xmlns:xsi="http://www.w3.org/2001/XMLSchema-instance" xsi:schemaLocation="http://www.openarchives.org/OAI/2.0/ http://www.openarchives.org/OAI/2.0/OAI-PMH.xsd"><responseDate>2026-04-14T04:42:56Z</responseDate><request verb="GetRecord" identifier="oai:www.recercat.cat:2445/144693" metadataPrefix="marc">https://recercat.cat/oai/request</request><GetRecord><record><header><identifier>oai:recercat.cat:2445/144693</identifier><datestamp>2025-12-05T12:54:17Z</datestamp><setSpec>com_2072_1057</setSpec><setSpec>col_2072_478817</setSpec><setSpec>col_2072_478917</setSpec></header><metadata><record xmlns="http://www.loc.gov/MARC21/slim" xmlns:dcterms="http://purl.org/dc/terms/" xmlns:xsi="http://www.w3.org/2001/XMLSchema-instance" xmlns:doc="http://www.lyncode.com/xoai" xsi:schemaLocation="http://www.loc.gov/MARC21/slim http://www.loc.gov/standards/marcxml/schema/MARC21slim.xsd">
   <leader>00925njm 22002777a 4500</leader>
   <datafield ind2=" " ind1=" " tag="042">
      <subfield code="a">dc</subfield>
   </datafield>
   <datafield ind2=" " ind1=" " tag="720">
      <subfield code="a">Vila i Moreno, F. Xavier (Francesc Xavier)</subfield>
      <subfield code="e">author</subfield>
   </datafield>
   <datafield ind2=" " ind1=" " tag="720">
      <subfield code="a">Bretxa, Vanessa</subfield>
      <subfield code="e">author</subfield>
   </datafield>
   <datafield ind2=" " ind1=" " tag="720">
      <subfield code="a">Comajoan, Llorenç</subfield>
      <subfield code="e">author</subfield>
   </datafield>
   <datafield ind2=" " ind1=" " tag="260">
      <subfield code="c">2019-11-13T13:50:36Z</subfield>
   </datafield>
   <datafield ind2=" " ind1=" " tag="260">
      <subfield code="c">2019-11-13T13:50:36Z</subfield>
   </datafield>
   <datafield ind2=" " ind1=" " tag="260">
      <subfield code="c">2012</subfield>
   </datafield>
   <datafield ind2=" " ind1=" " tag="260">
      <subfield code="c">2019-11-13T13:50:37Z</subfield>
   </datafield>
   <datafield ind2=" " ind1=" " tag="520">
      <subfield code="a">Aquest article estudia la presència de diverses llengües al Parc Científic de Barcelona de la Universitat de Barcelona (PCB) centrant-se en les competències dels seus actors i en els seus usos, mitjantçant diverses tècniques: l'estudi del paisatge lingüístic, una enquesta sociolingüística i diverses entrevistes en profunditat. Els resultats mostren un entorn de treball essencialment trilingüe  català, castellà i anglès  en distribució funcional atenuada. Els informants declaren tenir una competència molt alta en les dues llengües oficials i un nivell mitjà-alt d'anglès, mentre que el coneixement d'altres llengües és força més baix. Pel que fa als usos, el català funciona com a llengua de treball intern i de relació amb la societat catalana, l'anglès com a llengua de projecció i de relació internacional, i el castellà es troba en una posició intermèdia, amb funcions tant internes com externes. La distribució de llengües és molt més clar entre el personal d'administració i serveis que en el cas dels investigadors, ja que la presència de personal d'origen forà incrementa l'ús del castellà i de l'anglès en les relacions internes.</subfield>
   </datafield>
   <datafield tag="653" ind2=" " ind1=" ">
      <subfield code="a">Multilingüisme</subfield>
   </datafield>
   <datafield tag="653" ind2=" " ind1=" ">
      <subfield code="a">Política lingüística</subfield>
   </datafield>
   <datafield tag="653" ind2=" " ind1=" ">
      <subfield code="a">Globalització</subfield>
   </datafield>
   <datafield tag="653" ind2=" " ind1=" ">
      <subfield code="a">Multilingualism</subfield>
   </datafield>
   <datafield tag="653" ind2=" " ind1=" ">
      <subfield code="a">Language policy</subfield>
   </datafield>
   <datafield tag="653" ind2=" " ind1=" ">
      <subfield code="a">Globalization</subfield>
   </datafield>
   <datafield ind2="0" ind1="0" tag="245">
      <subfield code="a">Llengües i globalització en el món de la recerca: els coneixements i els usos científics al Parc Científic de Barcelona</subfield>
   </datafield>
</record></metadata></record></GetRecord></OAI-PMH>